000 00329 a2200157 4500
001 193054
020 _a978-85-08-11129-9
040 _cMagnum
100 _aJunqueira, Sonia
240 1 0 _aO sonho da vaca
_lpor
245 1 0 _aO sonho da vaca
300 _a23
362 0 _a2017
697 _aLITERATURA INFANTO
942 _cBK
999 _c193054
_d193054